000
00258nam a2200121Ia 4500
100
_a
WEINSTEIN/NICHOLAS
942
_c
BK
245
_a
ENGG.MANUFACTURING PROCESS
260
_b
Mir publishers
_c
1967
082
_a
671/WEI
300
_a
420
546
_a
ENGLISH
999
_c
21396
_d
21396